000 00250nam a2200109 4500
008 230704b xxu||||| |||| 00| 0 eng d
082 _a362.7
_bVOL 1995
245 _aBlossoms in the Dust
260 _bUNESCO
_c1995
300 _a167p
942 _2ddc
_cBK
999 _c3943
_d3943